Основы рисования (Запись № 11055413)

Подробности
000 -МАРКЕР
контрольное поле 01529nam0a2200313 i 4500
001 - ИДЕНТИФИКАТОР ЗАПИСИ
контрольное поле RU\NLR\BIBL_A\011317021
005 - ИДЕНТИФИКАТОР ВЕРСИИ
контрольное поле 20260405100749.0
010 ## - МЕЖДУНАРОДНЫЙ СТАНДАРТНЫЙ НОМЕР КНИГИ (ISBN)
Номер (ISBN) 9785170999972
Тираж 5000
021 ## - НОМЕР ГОСУДАРСТВЕННОЙ РЕГИСТРАЦИИ
Код страны российская федерация
Номер 2016-99144
Номер Листа государственной регистраци 6595
035 ## - ДРУГИЕ СИСТЕМНЫЕ НОМЕРА
Идентификатор записи (NLR Aleph) 011317021
100 ## - ДАННЫЕ ОБЩЕЙ ОБРАБОТКИ
Данные общей обработки 20170127d2016 u y0rusy50 ca
101 1# - ЯЗЫК РЕСУРСА
Язык текста, звукозаписи и т.д. русский
Язык оригинала английский
102 ## - СТРАНА ПУБЛИКАЦИИ ИЛИ ПРОИЗВОДСТВА
Страна публикации российская федерация
105 ## - ПОЛЕ КОДИРОВАННЫХ ДАННЫХ: ТЕКСТОВЫЕ МАТЕРИАЛЫ, МОНОГРАФИЧЕСКИЕ
Кодированные данные о монографическом текстовом документе a z 001zy
200 1# - ЗАГЛАВИЕ И СВЕДЕНИЯ ОБ ОТВЕТСТВЕННОСТИ
Основное заглавие Основы рисования
Сведения, относящиеся к заглавию [шаг за шагом учимся рисовать карандашом натюрморты и портреты, человека и животных, жанровые сценки и пейзажи
-- учебное пособие
Первые сведения об ответственности Walter Foster
Последующие сведения об ответственности пер. с англ. А.Н. Степановой]
210 ## - ПУБЛИКАЦИЯ, РАСПРОСТРАНЕНИЕ И ДР.
Место издания, распространения и т.д. Москва
Имя издателя, распространителя и т. д. АСТ
Место издания, распространения и т.д. [Ирвин]
Имя издателя, распространителя и т. д. Walter Foster
Дата издания, распространения и т.д. 2016
215 ## - ФИЗИЧЕСКАЯ ХАРАКТЕРИСТИКА
Специфическое обозначение материала и объем 144 c.
Другие сведения о физической характеристике ил.
Размеры 28
225 1# - СЕРИЯ
Основное заглавие серии Полный курс рисования
Сведения, относящиеся к заглавию (черно-белая)
320 ## - ПРИМЕЧАНИЯ О НАЛИЧИИ В ДОКУМЕНТЕ БИБЛИОГРАФИИ / УКАЗАТЕЛЯ
Текст примечания Предм. указ.: с. 142-144
606 1# - НАИМЕНОВАНИЕ ТЕМЫ КАК ПРЕДМЕТ
Наименование темы Рисунок
Формальный подзаголовок Учебные издания
Тематический подзаголовок Техника
Системный номер авторитетной/нормативной записи 1518987
Идентификатор авторитетной/нормативной записи RU\NLR\AUTH\66961977
686 1# - ИНДЕКСЫ ДРУГИХ КЛАССИФИКАЦИЙ
Индекс Щ150.844я7
702 #1 - ИМЯ ЛИЦА - ВТОРИЧНАЯ ОТВЕТСТВЕННОСТЬ
Код отношения Переводчик
Материалы, к которым относится поле rus
Графика поля Кириллица
Начальный элемент ввода Степанова
Часть имени, кроме начального элемента ввода А. Н.
Дополнения к именам, кроме дат переводчик
Расширение инициалов личного имени Анна Н.
Идентификатор авторитетной/нормативной записи RU\NLR\AUTH\7736854
Системный номер авторитетной/нормативной записи 19843
712 02 - НАИМЕНОВАНИЕ ОРГАНИЗАЦИИ - ВТОРИЧНАЯ ОТВЕТСТВЕННОСТЬ
Код отношения Прочие
Графика поля Латинская
-- Кириллица
Начальный элемент ввода Walter Foster publishing, издательство
Идентифицирующий признак Ирвин, Калифорния
Системный номер авторитетной/нормативной записи 384142
Идентификатор авторитетной/нормативной записи RU\NLR\AUTH\880358309
942 ## - ДОПОЛНИТЕЛЬНЫЕ ЭЛЕМЕНТЫ ЗАПИСИ (АБИС)
Тип экземпляра АБИС Книга
980 ## - КОЛЛЕКЦИЯ
Название коллекции НБР

Нет доступных экземпляров.